LIBRARY ONLINE CATALOGUE

International law / (Record no. 8952)

MARC details
000 -LEADER
fixed length control field 00708cam a22002172 4500
001 - CONTROL NUMBER
control field 0000019398
005 - DATE AND TIME OF LATEST TRANSACTION
control field 20151217152154.0
008 - FIXED-LENGTH DATA ELEMENTS--GENERAL INFORMATION
fixed length control field 101113s xx 000 0 eng d
020 ## - INTERNATIONAL STANDARD BOOK NUMBER
International Standard Book Number 1847036315 :
040 ## - CATALOGING SOURCE
Original cataloging agency KABU
Transcribing agency KABU
100 1# - MAIN ENTRY--PERSONAL NAME
Personal name Wallace, Rebecca M. M.
-- 0000158695
245 10 - TITLE STATEMENT
Title International law /
Statement of responsibility, etc. Rebecca M. M. Wallaceb and Olga Martin-Ortega.
250 ## - EDITION STATEMENT
Edition statement 6th ed.
260 ## - PUBLICATION, DISTRIBUTION, ETC. (IMPRINT)
Place of publication, distribution, etc. London :
Name of publisher, distributor, etc. Sweet & Maxwell,
Date of publication, distribution, etc. 2009.
300 ## - PHYSICAL DESCRIPTION
Extent lii, 386 p.
650 #0 - SUBJECT ADDED ENTRY--TOPICAL TERM
Topical term or geographic name as entry element International law.
-- 0000158696
700 1# - ADDED ENTRY--PERSONAL NAME
Personal name Martin-Ortega, Olga.
-- 0000179102
852 1# - LOCATION
-- p4022 KES
852 1# - LOCATION
-- p5190 KES
950 ## - LOCAL HOLDINGS (RLIN)
-- 1
Holdings
Withdrawn status Lost status Source of classification or shelving scheme Not for loan Home library Current library Date acquired Total Checkouts Full call number Barcode Date last seen Date last checked out Price effective from Koha item type Total Renewals
    Library of Congress Classification   Kabarak, Main Campus Kabarak, Main Campus 17/12/2015 9 JX3295 .W35 2009 c. 3 19894 24/03/2025 03/03/2025 17/12/2015 General Collection  
    Library of Congress Classification   Kabarak, Main Campus Kabarak, Main Campus 17/12/2015   JX3295 .W35 2009 c.4 21013 17/12/2015   17/12/2015 General Collection  
    Library of Congress Classification   Kabarak, Main Campus Kabarak, Main Campus 17/12/2015 13 JX3295 .W35 2009 c.8 21014 13/12/2022 14/11/2022 17/12/2015 General Collection 3
    Library of Congress Classification   Kabarak, Main Campus Kabarak, Main Campus 17/12/2015 18 JX3295 .W35 2009 c. 2 23432 20/01/2021 05/01/2021 17/12/2015 General Collection 1
    Library of Congress Classification   Kabarak, Main Campus Kabarak, Main Campus 17/12/2015 11 JX3295 .W35 2009 c.5 21090 22/11/2019 09/11/2019 17/12/2015 General Collection 2
    Library of Congress Classification   Kabarak, Main Campus Kabarak, Main Campus 17/12/2015 17 JX3295 .W35 2009 c.6 21089 21/11/2025 27/10/2025 17/12/2015 General Collection 1
    Library of Congress Classification   Kabarak, Main Campus Kabarak, Main Campus 17/12/2015 9 JX3295 .W35 2009 c.7 21015 08/12/2022 06/12/2022 17/12/2015 General Collection 1
    Library of Congress Classification   Kabarak, Main Campus Kabarak, Main Campus 17/12/2015 9 JX3295 .W35 2009 c. 1 23433 27/03/2023 20/03/2023 17/12/2015 General Collection 1